| 000 | 00503cam a2200181ua 4500 | ||
|---|---|---|---|
| 001 | 2451 | ||
| 008 | 110817n ii |||gr||||Z||||||eng | ||
| 040 | _cMAIN | ||
| 082 | _a394.26954162 | ||
| 100 |
_aGoswami, Praphulladatta, _eAuthor. |
||
| 245 | 1 |
_aFestivals of assam _cby Praphulladatta Goswami |
|
| 250 | _a1st. | ||
| 260 |
_aGuahati: _bAnundoram borooah institute of language, art & culture ,995. |
||
| 300 |
_a84p: _bill; _c23cm. |
||
| 653 | _aFolklore | ||
| 653 | _aAssamese culture | ||
| 942 | _cBK | ||
| 999 |
_c2308 _d2308 |
||